Đạo đức 5

Na minha lista:
Detalhes bibliográficos
Autor principal: Lưu, Thu Thủy
Outros Autores: Nguyễn, Việt Bắc
Formato: Livro
Idioma:Undetermined
Publicado em: H. Giáo dục 2006
Assuntos:
Acesso em linha:http://lrc.tdmu.edu.vn/opac/search/detail.asp?aID=2&ID=4562
Tags: Adicionar Tag
Sem tags, seja o primeiro a adicionar uma tag!
Thư viện lưu trữ: Trung tâm Học liệu Trường Đại học Thủ Dầu Một
LEADER 00633nam a2200205Ia 4500
001 TDMU_4562
008 210410s9999 xx 000 0 und d
082 |a 372.83 
090 |b L566 
100 |a Lưu, Thu Thủy 
245 0 |a Đạo đức 5 
245 0 |c Lưu Thu Thủy 
260 |a H. 
260 |b Giáo dục 
260 |c 2006 
300 |a 48tr 
650 |a Sách lớp 5; Đạo đức  |x Giảng dạy và học tập  
700 |a Nguyễn, Việt Bắc 
856 |u http://lrc.tdmu.edu.vn/opac/search/detail.asp?aID=2&ID=4562 
980 |a Trung tâm Học liệu Trường Đại học Thủ Dầu Một